000 00226nam a2200085Ia 4500
008 120527s9999 xx 000 0 und d
100 _aSanyal, N. Rajib
245 _aInternational Management: a strategic perspective
942 _cBK
999 _c27246
_d27246